000 02149nam a22002777a 4500
003 OSt
005 20260321073644.0
008 201209b 1986 dr j 00| 0 eng d
040 _aDO-SdBNP
_bspa
_cBNPHU
082 _aRD863.44
_bD542d 1986
100 1 _aDíaz Grullón, Virgilio,
_d1924-2001
_9501
245 1 0 _aDe niños hombres y fantasmas /
_cVirgilio Díaz Grullón ; prólogo Juan Bosch.
250 _a3a. ed.
260 _aSanto Domingo :
_bTaller,
_c1986.
300 _a381 p. :
_bil. ;
_c21 cm.
490 1 _aMontesinos
_v2
500 _aIncluye datos biográficos del autor en la contracubierta.
505 0 _gPresentación a la primera edición --
_tA manera de prólogo --
_tDe niños--
_tEl pozo sin fondo --
_tEl reloj --
_tPesadilla --
_tEl pequeño culpable --
_tLa campana rota --
_tEl aprendiz de brujo --
_tLa enemiga --
_tMatar un ratón --
_tPunto de vista -
_tMatum --
_gHombres --
_tCaín --
_tJornada completa --
_tEdipo --
_tLa puntualidad del señor Martínez --
_tPropiedad privada --
_tLa rebelión --
_tVecindad --
_tFiebre --
_tEl corcho sobre el río --
_tDos pesos para Cirilo --
_tUn epitafio para Don Justo --
_tA través del muro --
_tCrónica policial --
_tPas de deux --
_tEstampa folklórica --
_tLegaslismo --
_tEl sedicioso --
_tEl uno y el otro --
_tBiografía de un suicidia --
_tLa única verídica versión de la muerte de Jhonny Watson relatada por él mismo --
_tCatatónico --
_gY fastamas --
_tCírculo --
_tSu amigo Arcadio --
_tLa resignada inmortalidad de Don Cástulo --
_tRetorno --
_tMás allá del espejo --
_tDoble personalidad --
_tÍcaro --
_tEl diario inconcluso --
_tVertiginoso tiempo --
_tLa verdadera pesadilla --
_tLa mutación --
_tViaje al microcosmo --
_tLa trampa --
_tEl cuento sin título --
_tFalso embarazo --
_tLa pareja --
_tLa broma póstuma --
_tLa invasión --
_tEl maleficio --
_gLos algarrobos también sueñan --
_tLos algarrobos también sueñan
590 _aInventariado, 2020/LP
650 1 0 _aCuentos dominicanos
_9176
650 1 0 _aLiteratura dominicana.
_967
700 1 _a Bosch, Juan,
_d1909-2001
_epról.
_976555
830 0 _aMontesinos
_v2
_922896
910 _aValidado. Control de calidad MMOLINA
942 _2ddc
_cLBS1
999 _c49266
_d49266